Normal view MARC view
  • Diwan, Dr. Paras

Entry Personal Name

Number of records used in: 1

001 - CONTROL NUMBER

  • control field: 5732

003 - CONTROL NUMBER IDENTIFIER

  • control field: OSt

005 - DATE AND TIME OF LATEST TRANSACTION

  • control field: 20200522101206.0

008 - FIXED-LENGTH DATA ELEMENTS

  • fixed length control field: 200522|| aca||aabn | a|a d

040 ## - CATALOGING SOURCE

  • Original cataloging agency: OSt
  • Transcribing agency: OSt

100 ## - HEADING--PERSONAL NAME

  • Personal name: Diwan, Dr. Paras

670 ## - SOURCE DATA FOUND

  • Source citation: Work cat.: (OSt): Diwan, Dr. Paras, Modern Hindu Law ( Codified aand Uncodified), 2019